Calendarium astrologicum, or, An almanack for the year of our Lord 1673 : discovering the state of the year in general ... unto which is added a description of the most eminent roads in England, from town to town, and the certain time of any mart or fair happening in any of them /

Bibliographic Details
Main Author: Trigge, Thomas
Format: Microform Book
Language:English
Series:Early English books, 1641-1700 ; 1603:47.
Subjects:

MARC

Tag First Indicator Second Indicator Subfields
LEADER 00000cam a2200000 a 4500
001 in00000942829
005 20150925152738.0
007 hd afa013baca
007 hd bfa013baaa
008 860919r19851673miua a 00010 eng d
035 |a (OCoLC)14235486 
035 |9 AES8097AM 
037 |a CL0037000058  |b University Microfilms International 
037 |b University Microfilms International, 300 N. Zeeb Rd., Ann Arbor, MI 48106 
040 |a EAK  |c EAK  |d m/c  |d EAK  |d UtOrBLW 
043 |a e-uk-en 
045 0 |b d1673 
049 |a TXAI 
090 |a AY751.T74  |b C34 1673 
099 |a film   |a  B   |a  3609 
100 1 |a Trigge, Thomas. 
245 1 0 |a Calendarium astrologicum, or, An almanack for the year of our Lord 1673 :  |b discovering the state of the year in general ... unto which is added a description of the most eminent roads in England, from town to town, and the certain time of any mart or fair happening in any of them /  |c by Thomas Trigge ... 
264 3 |a London :  |b Printed by A. Maxwell for the Company of Stationers,  |c 1673. 
300 |a 40 unnumbered pages :  |b illustrations 
336 |a text  |b txt  |2 rdacontent 
337 |a microform  |b h  |2 rdamedia 
338 |a microfilm reel  |b hd  |2 rdacarrier 
500 |a Running title: Trigge 1673. 
500 |a Imperfect: faded and tightly bound with loss of print. 
500 |a Reproduction of original in the Bodleian Library. 
510 4 |a Wing  |c A2555 
533 |a Microfilm.  |b Ann Arbor, Mich. :  |c University Microfilms International,  |d 1985.  |e 1 microfilm reel ; 35 mm.  |f (Early English books, 1641-1700 ; 1603:47) 
500 |a Microform. 
650 0 |a Almanacs, English. 
650 0 |a Astrology  |v Early works to 1800. 
740 0 |a Calendarium astrologicum. 
740 3 |a An almanack for the year of our Lord 1673. 
740 0 |a Trigge 1673. 
740 0 |a Trigge sixteen seventy-three. 
830 0 |a Early English books, 1641-1700 ;  |v 1603:47. 
999 |a MARS 
999 f f |s d0b14158-45b9-3941-9194-078cca3a7952  |i c76b9bb3-de2c-3e2b-acb0-919912a39055  |t 0 
952 f f |p default  |a Texas A&M University  |b College Station  |c Sterling C. Evans Library  |d Evans: Microforms (3rd floor)  |t 0  |e film B 3609 1603:47  |h Other scheme  |i microform -- microfilm reel 
998 f f |a film B 3609 1603:47  |t 0  |l Evans: Microforms (3rd floor)